English Hindi Paite dictionary : (Record no. 9889)

MARC details
000 -LEADER
fixed length control field 00546nam a22001937a 4500
003 - CONTROL NUMBER IDENTIFIER
control field GBCCL
005 - DATE AND TIME OF LATEST TRANSACTION
control field 20241126110721.0
008 - FIXED-LENGTH DATA ELEMENTS--GENERAL INFORMATION
fixed length control field 230818b ||||| |||| 00| 0 eng d
040 ## - CATALOGING SOURCE
Transcribing agency gbc
082 ## - DEWEY DECIMAL CLASSIFICATION NUMBER
Classification number 423
Item number GUI
100 ## - MAIN ENTRY--PERSONAL NAME
Personal name Guite, Vuphil Lianzathang
9 (RLIN) 17197
245 ## - TITLE STATEMENT
Title English Hindi Paite dictionary :
Remainder of title trilingual dictionary
260 ## - PUBLICATION, DISTRIBUTION, ETC.
Place of publication, distribution, etc. Lamka :
Name of publisher, distributor, etc. Author,
Date of publication, distribution, etc. 2023
300 ## - PHYSICAL DESCRIPTION
Extent 440p. ;
650 ## - SUBJECT ADDED ENTRY--TOPICAL TERM
Topical term or geographic name entry element English language
Form subdivision Dictionaries
9 (RLIN) 13776
650 ## - SUBJECT ADDED ENTRY--TOPICAL TERM
Topical term or geographic name entry element Paite
Form subdivision Dictionary
9 (RLIN) 17198
650 ## - SUBJECT ADDED ENTRY--TOPICAL TERM
Topical term or geographic name entry element Hindi
Form subdivision Dictionary
9 (RLIN) 17199
942 ## - ADDED ENTRY ELEMENTS (KOHA)
Source of classification or shelving scheme Dewey Decimal Classification
Koha item type Reference Books
Holdings
Withdrawn status Lost status Source of classification or shelving scheme Damaged status Not for loan Home library Current Library Shelving location Date acquired Total checkouts Full call number Barcode Date last seen Copy number Price effective from Koha item type
    Dewey Decimal Classification     GRACE BIBLE COLLEGE GRACE BIBLE COLLEGE Dictionary 2023-08-18   423 GUI 015748 2025-05-01 c.1 2023-08-18 Reference Books
    Dewey Decimal Classification     GRACE BIBLE COLLEGE GRACE BIBLE COLLEGE Dictionary 2023-08-18   423 GUI 015749 2025-05-01 c.2 2023-08-18 Reference Books
© Grace Bible College Library 2025